000
00269pam a2200121 a 4500
020
_c
041
_a
eng
100
_a
MArriott.J.W.
245
_a
Gret Modern British Plays
_h
Textual Documents
260
_a
[s.l]:
_b
George .G.Hanap.
300
_a
1082p.
930
_a
15377
999
_c
92277
_d
92277